[Event "81st Georgian-ch Men 2022"]
[Site "Tbilisi"]
[Date "2022.02.01"]
[Round "7.3"]
[White "Mchedlishvili, Mikheil"]
[Black "Kacharava, Nikolozi"]
[Result "1/2-1/2"]
[WhiteElo "2587"]
[BlackElo "2469"]
[Annotator "TA"]
[PlyCount "92"]
[EventDate "2022.01.24"]
[EventType "tourn"]
[EventCountry "GEO"]
[SourceTitle "playchess.com"]
[Source "ChessBase"]
[SourceQuality "1"]

{[%evp 17,92,29,37,16,92,29,33,63,68,76,75,76,75,63,70,65,70,77,74,73,72,41,41,41,41,42,42,42,45,41,95,25,25,25,49,49,41,45,95,95,95,95,95,95,95,95,95,95,95,0,73,24,41,41,41,8,8,8,8,8,76,81,73,8,8,0,0,0,0,0,0,0,0,0,0,0,0]} 1. e4 c5 2. Nf3 d6 3. c3 {[%cal Bc2c3,Bc3d4,Bd4d5][%mdl 32]} Nf6 4. Be2 Nc6 5. d4 cxd4 6. cxd4 Nxe4 7. d5 Qa5+ 8. Nc3 Nxc3 9. bxc3 Ne5 (9... Qxc3+ $2 10. Bd2 Qf6 11. dxc6 bxc6 12. Rc1 $18) 10. O-O {B50: Sicilian: 2...d6, Miscellaneous.} e6 (10... Qxc3 11. Nxe5 $1 dxe5 12. Bb5+ Kd8 13. Bd2 $18) (10... Nxf3+ $11 11. Bxf3 Bd7) 11. Nxe5 (11. dxe6 $1 $16 Nxf3+ 12. Bxf3 fxe6 13. Rb1) 11... dxe5 $11 12. Rb1 {Threatens to win with Bb5+. White is slightly better.} Qxd5 13. Bb5+ Bd7 14. Bxd7+ Qxd7 15. Qxd7+ Kxd7 16. Rxb7+ Kc6 17. Rxf7 {[#]} g6 $146 ({Predecessor:} 17... Rg8 18. Be3 Bd6 19. Rb1 Rab8 20. Rd1 a6 21. Ra7 Ra8 22. Rxa8 Rxa8 23. Rb1 Rb8 24. Rxb8 Bxb8 {1-0 (41) Demkovich,A (2392)-Krupko,A (2165) Alushta 2010}) 18. Be3 Bd6 19. Bxa7 {White is much more active.} (19. g3 {is interesting.} Bc7 20. Re1 Raf8 21. Re7 Re8 22. Rg7) 19... Raf8 20. Rxf8 Rxf8 $14 {[%mdl 4096] Endgame KRB-KRB} 21. Be3 Ra8 22. Ra1 Ra3 23. g3 Rxc3 (23... e4 $14) 24. Rc1 ({White should try} 24. a4 $1 $16) 24... Rxc1+ $11 25. Bxc1 {KB-KB} Kb5 26. Kf1 $1 e4 27. Ke2 Kc4 (27... Bc5 $1 $14) 28. Ke3 $1 $16 Kd5 29. a4 Bc5+ 30. Ke2 Kc4 31. Be3 {Black must now prevent Bxc5.} Ba3 32. Bb6 Bc1 33. Be3 Ba3 34. Bd2 (34. a5 $16 {Strongly threatening a6.} Kb5 35. Bd4) 34... Bc5 35. a5 Kb5 36. Bc3 Ba7 37. f3 exf3+ 38. Kxf3 {Black should prevent Kf4.} Bg1 (38... Bb8 $11 {keeps the balance.}) 39. h3 $1 {Kf4 is the strong threat.} Bc5 {[#]} 40. Ke4 (40. Kf4 $1 $16 {[%cal Rf4e5]}) 40... Bd6 $11 {The position is equal.} 41. g4 Bc7 42. Bd2 Ka6 (42... Bxa5 43. Bxa5 Kxa5 44. Ke5 $18) 43. Be1 Kb5 (43... Bxa5 $2 44. Bxa5 Kb5 {[#]} 45. g5 $1 $18) 44. Kd4 Bd6 (44... Bxa5 45. Bxa5 Kxa5 46. Ke5 $18) 45. Bc3 Bc7 46. Ke4 Ka6 {Weighted Error Value: White=0.16 (very precise) /Black=0.11 (very precise)} (46... Bxa5 47. Bxa5 Kxa5 48. Ke5 $18) 1/2-1/2

[Event "81st Georgian-ch Men 2022"]
[Site "Tbilisi"]
[Date "2022.02.01"]
[Round "7.4"]
[White "Tutisani, Noe"]
[Black "Chkhaidze, Nikoloz"]
[Result "1/2-1/2"]
[WhiteElo "2419"]
[BlackElo "2268"]
[Annotator "TA"]
[PlyCount "100"]
[EventDate "2022.01.24"]
[EventType "tourn"]
[EventCountry "GEO"]
[SourceTitle "playchess.com"]
[Source "ChessBase"]
[SourceQuality "1"]

{[%evp 24,100,37,39,49,20,41,22,23,26,26,27,29,33,35,35,30,30,31,31,31,22,22,0,6,9,5,8,4,3,0,12,10,5,14,8,11,12,20,11,23,27,31,29,33,33,33,9,8,0,0,0,0,0,0,0,0,0,0,0,0,0,0,0,0,0,0,0,0,0,0,0,0,0,0,0,0,-28000,-28000]} 1. e4 c5 2. Nf3 e6 3. d4 cxd4 4. Nxd4 Nc6 5. Nc3 Qc7 6. g3 a6 7. Bg2 Nf6 8. O-O Nxd4 9. Qxd4 Bc5 10. Bf4 d6 11. Qd2 h6 12. Rad1 {[%cal Ba1d1,Bd1d6,Bd6b6][%mdl 32]} e5 13. Be3 Bb4 {B47: Sicilian: Taimanov: 5 Nc3 Qc7 6 f4, 6 g3 and 6 Be2.} 14. a3 (14. Nb5 {looks sharper.} axb5 15. Qxb4 Rxa2 16. Rxd6 O-O 17. Rd2) 14... Bxc3 15. Qxc3 Qxc3 {The position is equal.} 16. bxc3 Be6 17. Rxd6 Rc8 $1 18. Bd2 {[#]} Ke7 $146 ({Predecessor:} 18... Rc4 19. Re1 O-O 20. f3 Ra4 21. Bc1 Rc8 22. Bb2 Nd7 23. Red1 Rc7 24. f4 g6 {½-½ (42) Nyberg,P (1976)-Rudi,R (1904) ICCF email 2021}) 19. Rb6 Rhd8 20. Rxb7+ Kf8 21. Be3 Rxc3 22. Rc1 Rdc8 23. Bd2 Rxc2 24. Bb4+ Kg8 25. Rxc2 Rxc2 26. h3 Rc1+ 27. Kh2 Rc2 28. f3 Ra2 29. Rc7 a5 30. Bxa5 Rxa3 31. Bc3 Nd7 32. f4 exf4 33. gxf4 Nf6 34. f5 Ba2 35. e5 Nd5 36. Rc8+ Kh7 37. Bb2 {This bishop pair is nice.} Re3 38. Rc2 {To avoid Re2} Bb1 39. Rf2 Be4 40. Bc1 Bxg2 $1 41. Bxe3 Nxe3 42. Rxg2 Nxg2 43. Kxg2 $11 {[%mdl 4096] Endgame K3P-K3P} g6 44. h4 Kg7 45. Kf3 Kf8 46. Kf4 Ke7 47. Ke4 Kd7 48. e6+ Ke7 {[#] And now ...gxf5+ would win.} 49. Ke5 {[%mdl 8192]} (49. fxg6 $11 fxg6 50. Ke5) 49... gxf5 50. exf7 Kxf7 {[%mdl 32768] Weighted Error Value: White=0.04 (flawless) /Black=0.02 (flawless) . An unexpected result.} 1/2-1/2

[Event "81st Georgian-ch Men 2022"]
[Site "Tbilisi"]
[Date "2022.02.01"]
[Round "7.5"]
[White "Paichadze, Luka"]
[Black "Lortkipanidze, Nodar"]
[Result "1-0"]
[WhiteElo "2566"]
[BlackElo "2407"]
[Annotator "TA"]
[PlyCount "67"]
[EventDate "2022.01.24"]
[EventType "tourn"]
[EventCountry "GEO"]
[SourceTitle "playchess.com"]
[Source "ChessBase"]
[SourceQuality "1"]

{[%evp 10,67,19,13,33,15,10,11,17,10,5,-18,4,0,63,66,58,23,70,20,65,0,32,9,17,-15,0,-5,-5,0,0,-8,0,0,12,0,0,0,75,106,107,100,73,79,193,178,406,0,162,159,393,59,605,549,2406,2327,2189,2075,1623,1555]} 1. e4 c5 2. Nf3 Nc6 3. Bb5 e6 4. O-O Nge7 5. Re1 a6 6. Bf1 b5 {B30: Sicilian: 2...Nc6 3 Bb5, lines without ...g6.} 7. b3 $5 {[%mdl 4] A promising side line.} Bb7 8. Bb2 Ng6 {The position is equal.} 9. a4 b4 {[#]} 10. c3 $146 ({Predecessor:} 10. d3 Be7 11. Nbd2 O-O 12. g3 f5 13. e5 Qc7 14. Nc4 f4 15. g4 Nd4 16. Nxd4 cxd4 17. Bxd4 {0-1 (30) Macko,M (2166)-Haring,F (2090) Slovakia 2017}) 10... bxc3 11. Nxc3 {[%cal Oc3d5]} Be7 {[#]} (11... Bd6 $11) 12. Nd5 $1 $14 e5 (12... O-O 13. Nxe7+) 13. g3 {[%cal Ob3b4]} (13. b4 $5) 13... Bd6 (13... d6 $11) 14. Ne3 {White is more active.} (14. Rc1 $14) 14... O-O (14... Bc7 $11 {was preferrable.}) 15. Bc4 (15. h4 $14) 15... Nd4 16. d3 Ne7 17. Nh4 Kh8 18. Qg4 Bc7 {[%cal Of7f5]} 19. Nhf5 Nexf5 20. Nxf5 {[%csl Gf5][%cal Rg4g7]} g6 21. Nxd4 cxd4 22. Ba3 f5 23. Qe2 fxe4 (23... d6 $11) 24. Bxf8 $16 {Ba3 is the strong threat.} ({Reject} 24. dxe4 $6 d6 $11) 24... exd3 {[#]} 25. Bxd3 Qxf8 26. Rac1 Bb8 (26... Bf3 $16 27. Qc2 Bd6) 27. Qg4 $1 $18 d5 (27... Qe7 {was worth a try.} 28. Qxd4 d5) 28. Bf1 $2 (28. Qd7 $18 Ra7 29. Rc7 $1 {[%mdl 512]} Bxc7 30. Qxc7) 28... e4 $2 (28... Qf7 $1 $11 {and Black is okay.}) 29. Qd7 Ra7 {[#]} (29... Qg7 $16 30. Qd8+ Qg8) 30. b4 $2 $40 {[%mdl 128] White is up to no good.} (30. Rc7 $1 $18 {[%mdl 512]} Bxc7 31. Qxc7) 30... Be5 $2 {[%mdl 8192] [#]} (30... Qd6 $14 31. Qe8+ Kg7) 31. Bxa6 $1 {[%mdl 512] White is clearly winning.} d3 {[%cal Oe5d4] Hoping for ...Bd4!} (31... Qd6 32. Qe8+) 32. Bxb7 {Threatening mate with Rc8.} d2 33. Red1 {White threatens Rc8 and mate.} dxc1=Q 34. Rxc1 {Weighted Error Value: White=0.51/Black=0.73} 1-0

[Event "81st Georgian-ch Men 2022"]
[Site "Tbilisi"]
[Date "2022.02.02"]
[Round "8.1"]
[White "Pantsulaia, Levan"]
[Black "Gagunashvili, Merab"]
[Result "1-0"]
[WhiteElo "2579"]
[BlackElo "2573"]
[Annotator "TA"]
[PlyCount "113"]
[EventDate "2022.01.24"]
[EventType "tourn"]
[EventCountry "GEO"]
[SourceTitle "playchess.com"]
[Source "ChessBase"]
[SourceQuality "1"]

{[%evp 16,113,16,18,34,37,36,39,86,93,74,76,77,72,154,153,167,167,149,143,150,127,127,136,141,82,79,79,77,68,81,19,98,67,120,29,33,0,55,45,56,0,0,0,0,0,0,0,0,0,0,-161,-172,-164,0,-148,153,153,341,153,151,151,151,152,152,152,144,137,155,154,152,151,246,234,1516,1416,2204,2312,1910,1086,2356,1997,2317,1864,1241,736,29960,6865,29975,29976,29976,29977,29977,29978,29979,29979,29981,29982,29983,29984]} 1. Nf3 d5 2. c4 dxc4 3. e3 Nf6 4. Bxc4 e6 5. d4 c5 6. O-O a6 7. dxc5 Qxd1 8. Rxd1 Bxc5 9. Nbd2 {[%cal Bb1d2,Bd2b3,Bb3d4][%mdl 32]} b5 {D27: Queen's Gambit Accepted: Classical main line: 7 e4!? and 7 a4.} 10. Be2 Nc6 11. a4 b4 (11... bxa4 $14 {is superior.} 12. Rxa4 Bb7) 12. Nb3 $16 Be7 13. Bd2 Bb7 14. Rac1 {[#]} Nd7 $146 (14... O-O $142) ({Predecessor:} 14... O-O 15. Be1 Nd5 16. Nc5 Bxc5 17. Rxc5 Rfc8 18. e4 Nf6 19. Bd3 a5 20. Rdc1 Ne7 {1-0 (40) Larochelle,M (2133)-Jacquet,S (1992) Montreal 2014}) 15. Nfd4 Nxd4 16. Nxd4 Bd5 17. Be1 Nc5 {[#]} 18. Nf5 $1 {[%mdl 512]} Bb3 19. Nxe7 (19. Nxg7+ Kf8 20. Bxb4 Bxd1 21. Bxd1 Kxg7 $17) (19. Bxb4 Bxd1 20. Nxg7+ Kf8 21. Bxd1 Kxg7 $17) 19... Bxd1 20. Rxd1 (20. Bxd1 $142 Nd3 21. Rc7 Nxe1 22. Be2) 20... Kxe7 21. Bxb4 Rhc8 22. Rc1 {[%mdl 1024] White has strong compensation. White is more active.} Kd6 23. e4 ({White should play} 23. a5 $16) 23... f6 (23... a5 $2 24. e5+ Kxe5 25. Bxc5 $18 (25. Rxc5+ Rxc5 26. Bxc5 Rc8 $16)) (23... Rab8 $1 $11 24. Ba3 (24. Bxa6 Rxb4 25. Bxc8 Nxe4 $15) 24... a5) 24. a5 Rc7 (24... Rab8 $1 $14 25. Ba3 Rc7) 25. Ba3 ({Better is} 25. Rc3 $1 $16) 25... Rac8 $1 $11 26. f3 Ke5 (26... Kd7 $1 $11) 27. Rd1 $1 $14 {And now b4 would win.} (27. b4 Na4 28. Rd1 (28. Rxc7 $2 Rxc7 29. b5 Nc3 $19) 28... Rc6 $11) 27... Rc6 28. b4 (28. Bxc5 $2 Rxc5 29. Bxa6 Rc1 30. Rxc1 Rxc1+ 31. Kf2 Rc2+ 32. Be2 Rxb2 $19) (28. b3 $1 $14) 28... Na4 $1 $11 29. b5 axb5 30. Bxb5 Nc3 {[%csl LRb5,LRd1]} 31. Bxc6 {[%csl Gd1][%cal Ra3d6] This bishop pair is nice.} Nxd1 {[%mdl 4096] Endgame KRN-KB} 32. Bb7 Rc2 33. g3 $2 {[#]} (33. a6 $11 {and White stays safe.} Ne3 34. h3 (34. a7 $2 Rxg2+ 35. Kh1 Ra2 $19) 34... Rxg2+ 35. Kh1) 33... Ne3 $1 $19 {White must now prevent ...Rg2+.} 34. h4 {a6 is the strong threat.} Rg2+ 35. Kh1 {[#]} Ra2 $2 {[%mdl 8192]} ({Much worse is} 35... Rxg3 $6 36. a6 Kf4 37. Bd6+ e5 38. a7 Kxf3 39. a8=Q $11) (35... Kd4 $1 $17 {aiming for ...Ra2.} 36. Bf8 Ra2 37. Bxg7 Nf1) 36. Bc5 $16 {[%csl Gg3][%cal Rf3f4]} Ra1+ 37. Kh2 {[%csl Gg3][%cal Rf3f4]} Ng4+ 38. Kh3 {[%csl Gg3][%cal Rf3f4]} Nf2+ 39. Bxf2 {Hoping for Bc5.} Rxa5 40. Bb6 Rb5 41. Bc7+ Kd4 42. Bc6 Rb3 43. e5 f5 (43... Rc3 $16 44. exf6 gxf6 45. Bb6+ Ke5) 44. Bd6 $18 Ke3 $2 (44... Rb1 45. h5 Rh1+ 46. Kg2 Rc1) 45. Bd7 Kd4 46. Bxe6 Rxf3 47. Kg2 Re3 48. Bxf5 g6 49. Bd7 Kd5 50. Bb8 {Strongly threatening e6.} Rb3 {[#]} 51. e6 $1 {White wants to mate with e7.} Rxb8 {KR-KB} (51... Re3 52. Bf4) 52. e7 {White mates.} Ke5 53. e8=Q+ Rxe8 54. Bxe8 Kf5 55. Kf3 h5 56. Bd7+ Kf6 57. Kf4 {White used his chance.  Weighted Error Value: White=0.23 (precise) /Black=0.46} 1-0

[Event "81st Georgian-ch Men 2022"]
[Site "Tbilisi"]
[Date "2022.02.02"]
[Round "8.2"]
[White "Chkhaidze, Nikoloz"]
[Black "Paichadze, Luka"]
[Result "0-1"]
[WhiteElo "2268"]
[BlackElo "2566"]
[Annotator "TA"]
[PlyCount "80"]
[EventDate "2022.01.24"]
[EventType "tourn"]
[EventCountry "GEO"]
[SourceTitle "playchess.com"]
[Source "ChessBase"]
[SourceQuality "1"]

{[%evp 12,80,-3,0,33,21,32,20,25,22,25,21,36,6,14,-17,38,15,50,2,15,0,58,61,185,181,172,195,195,197,188,186,193,202,185,200,191,101,110,57,131,170,266,187,194,201,196,168,200,200,195,0,71,81,64,40,108,110,108,72,105,120,120,128,79,0,0,-37,0,0,60]} 1. d4 Nf6 2. Nf3 e6 3. Bf4 d5 4. e3 c5 5. c3 Nc6 6. Nbd2 Bd6 7. Bg3 Nh5 {D02: 1 d4 d5 2 Nf3 sidelines, including 2...Nf6 3 g3 and 2...Nf6 3 Bf4.} (7... O-O {keeps more tension.} 8. Bb5 Re8 9. Bxd6 Qxd6 10. O-O Bd7) 8. Bxd6 Qxd6 9. Ne5 Nxe5 10. Qxh5 cxd4 11. exd4 Ng6 {[#]} 12. Bd3 $146 ({Predecessor:} 12. Bb5+ Bd7 13. Bxd7+ Qxd7 14. O-O O-O 15. Qe2 Rac8 16. g3 Rc6 17. h4 Ne7 18. Nf3 {1-0 (42) Kargoll,P (2227)-De Andres,J (2036) Bad Woerishofen 2006}) 12... Nf4 {[%csl LRd3,LRg2,LRh5]} 13. Qf3 e5 (13... O-O $11) 14. Bb5+ $14 Kf8 $1 (14... Bd7 15. Bxd7+ Qxd7 16. dxe5 $16) 15. O-O (15. g3 $1 $14 a6 16. dxe5 $1 (16. gxf4 e4 $11) 16... Qxe5+ 17. Be2 Nxe2 18. Qxe2 Qxe2+ 19. Kxe2) 15... exd4 16. Rfe1 {[%csl Gb5][%cal Re1e8]} Ne6 (16... g6 $11) 17. Rad1 Nc7 {[#]} ({Better is} 17... h5 $14) 18. Nc4 $1 $18 {[%mdl 512]} Qd8 {[#]} 19. Rxd4 $1 $40 {[%mdl 128] White attacks with force.} Be6 {[#]} (19... g6 20. Qf4) 20. Rxe6 $1 {[%mdl 512]} Nxe6 21. Rxd5 Qf6 {White must now prevent ...Qxf3.} 22. Rf5 {[%mdl 64] Discovered Attack} Qe7 {[%cal Oe6d4] aiming for ...Nd4!} 23. Ne5 $1 {[%cal Rf5f7]} f6 24. Nd7+ (24. g4 $18) 24... Kf7 $16 25. Qxb7 (25. h3 $16) 25... Rhc8 (25... Rhe8 $1 $14) 26. h4 Nd8 (26... Rab8 {might work better.} 27. Ne5+ (27. Qxa7 Rxb5 28. Rxb5 Rc7 $11) 27... Kf8 28. Qxe7+ Kxe7 29. Nc6+ Rxc6 30. Bxc6 Rxb2) 27. Qf3 {Hoping for Re5.} Kg8 28. Qg4 Kh8 29. Rh5 $1 {White wants to mate with Qg6.} Nf7 {[%cal Bd8f7,Bf7h6,Bh6g4][%mdl 32]} (29... Qe1+ $2 30. Kh2 Qb1 31. Qe2 $18) 30. Bd3 Nh6 31. Qd4 (31. Qe4 $18 Qxe4 32. Bxe4) 31... Rd8 {[#]} (31... Re8 $11) 32. Rd5 $1 Rac8 33. c4 {[%cal Bc3c4,Bc4c5][%mdl 32]} Qe1+ ({Black should play} 33... Re8 $14) 34. Kh2 Qe6 35. c5 Ng4+ 36. Kg3 Ne5 {[%cal Rd8d7] [#]} 37. Qe4 $1 {[%csl Gd3][%cal Re4h7]} g6 {[#]} 38. Rd6 Qe7 $11 {Really sharp!} 39. Nxe5 (39. f4 $5 Rxd7 40. fxe5 $11) 39... fxe5 40. Qd5 $1 Rf8 {[%mdl 32768] Black defended with fortune.  Weighted Error Value: White=0.21 (precise) /Black=0.21 (precise) . Loss on time!?} (40... Qf6 $11) 0-1

[Event "81st Georgian-ch Men 2022"]
[Site "Tbilisi"]
[Date "2022.02.02"]
[Round "8.3"]
[White "Kacharava, Nikolozi"]
[Black "Tutisani, Noe"]
[Result "0-1"]
[WhiteElo "2469"]
[BlackElo "2419"]
[Annotator "TA"]
[PlyCount "126"]
[EventDate "2022.01.24"]
[EventType "tourn"]
[EventCountry "GEO"]
[SourceTitle "playchess.com"]
[Source "ChessBase"]
[SourceQuality "1"]

{[%evp 21,126,51,64,29,41,36,44,36,54,53,30,0,76,30,29,17,31,0,49,64,68,62,70,52,85,15,131,87,76,0,2,0,0,0,47,-39,-21,-36,0,0,0,-17,-21,-163,-167,-167,-153,-172,-158,-228,-242,-205,-195,-219,-172,-167,-127,-237,-216,-273,-287,-286,-267,-352,-352,-452,-428,-506,-554,-554,-218,-212,-568,-591,-525,-403,-235,-371,-275,-522,-481,-1884,-1854,-5089,-2345,-913,-775,-29978,-29979,-29979,-29980,-29980,-29981,-29981,-29982,-29982,-29981,-29981,-29982,-29983,-29984,-29988,-29987,-29987,-29987,-29987,-29972]} 1. e4 c5 2. Nf3 e6 3. d4 cxd4 4. Nxd4 Nc6 5. Nc3 Qc7 6. Be3 a6 7. g4 b5 8. Nxc6 Qxc6 9. Qd2 Nf6 10. f3 d6 11. O-O-O Be7 12. Ne2 {B80: Sicilian Scheveningen: 6 g3 and 6 Be3, including English Attack.} Qc7 13. g5 Nd7 14. h4 {White is slightly better.} Bb7 15. Nd4 $1 Ne5 16. Kb1 Rc8 (16... d5 $1 $11) 17. Rg1 {[#]} (17. Qg2 $16) 17... d5 $146 ({Predecessor:} 17... Nc4 18. Bxc4 Qxc4 19. h5 g6 20. hxg6 hxg6 21. Rh1 Kd7 22. Nb3 Rxh1 23. Rxh1 Ba8 {0-1 (55) Munguntuul,B (2261)-Lanchava,T (2341) Bled 2002}) 18. Bf4 Bd6 {Threatens to win with ...Nc4.} ({Don't take} 18... dxe4 19. Qh2 (19. Nxe6 fxe6 20. Bxe5 Qxe5 $14) 19... Bd6 20. Bxb5+ (20. Nxb5 axb5 21. Rxd6 Qxd6 $11) 20... Ke7 21. fxe4 $1 $16) 19. Qg2 {[%cal Of1b5]} (19. Bxb5+ $5 axb5 20. Nxb5 $11) 19... Nc4 (19... O-O $11 {might be stronger.}) 20. Bxd6 $14 Qxd6 21. Bxc4 bxc4 22. h5 {g6 is the strong threat.} g6 23. Rh1 (23. Ne2 $16) 23... Ke7 (23... e5 $1 $11 24. Ne2 d4) 24. c3 ({White should try} 24. Ne2) 24... Qf4 {[%cal Rd5e4]} 25. Ne2 (25. Rde1 $16) 25... Qe5 $11 26. Qf2 dxe4 27. Qb6 Bd5 (27... Rc7 $11 {was preferrable.} 28. Qe3 Rd8) 28. Qb4+ (28. Qa7+ $14 Rc7 29. Qe3) 28... Kd7 $1 $15 29. Qa4+ Ke7 (29... Kc7 $5 {[%cal Re4f3]}) 30. Qb4+ Kd7 31. Qa4+ Kc7 32. Qxa6 (32. f4 $11 {and White stays safe.} Qd6 33. Qc2) 32... Ra8 $19 33. Qb5 exf3 {( -> ...Be4+)} 34. Qc5+ Kd7 $1 {[%cal Bc7d7,Bd7e7,Be7d6][%mdl 32] Dancing on a razor blade.} 35. Nd4 {[#]} Rhc8 $1 ({And not} 35... Rhb8 36. Nc6 Qe4+ 37. Ka1 Rxb2 38. Kxb2 $11) 36. Qb5+ Ke7 37. Qb4+ Qd6 38. Qxd6+ Kxd6 39. Nxf3 (39. Rhe1 $17 {was worth a try.}) 39... Ke7 40. Rhf1 Be4+ 41. Kc1 Rxa2 42. hxg6 hxg6 ({Worse is} 42... Ra1+ 43. Kd2 Rxd1+ 44. Kxd1 $17) 43. Ne5 Ra1+ 44. Kd2 Rd8+ 45. Ke2 Rdxd1 46. Rxd1 Rxd1 47. Kxd1 {[%mdl 4096] Endgame KB-KN} Bd5 48. Ke2 f6 49. Ng4 fxg5 {And now ...Kd6 would win.} 50. Ke3 $2 (50. Kf2) 50... Kd6 51. Kd4 {[#]} (51. Nf6 $142 Bb7 52. Ng4) 51... Kc6 $1 {Strongly threatening ...Kb5.} 52. Ke5 Kb5 53. Kf6 Ka4 {Hoping for ...Kb3.} 54. Kxg6 Kb3 {Black mates.} 55. Kxg5 Kxb2 56. Kf4 Kxc3 57. Ke3 Kb2 58. Nf2 Kc2 59. Nh3 c3 {[%cal Bc4c3,Bc3c2][%mdl 32]} 60. Nf4 Bc4 61. Kd4 e5+ 62. Kxe5 Kd2 63. Kd4 c2 {Weighted Error Value: White=0.65/Black=0.11 (very precise)} 0-1

[Event "81st Georgian-ch Men 2022"]
[Site "Tbilisi"]
[Date "2022.02.02"]
[Round "8.4"]
[White "Akhvlediani, Irakli"]
[Black "Mchedlishvili, Mikheil"]
[Result "1/2-1/2"]
[WhiteElo "2430"]
[BlackElo "2587"]
[Annotator "TA"]
[PlyCount "60"]
[EventDate "2022.01.24"]
[EventType "tourn"]
[EventCountry "GEO"]
[SourceTitle "playchess.com"]
[Source "ChessBase"]
[SourceQuality "1"]

{[%evp 14,60,48,45,45,6,29,10,22,15,38,45,72,79,143,41,45,41,49,39,41,35,24,12,21,10,14,12,13,14,10,16,7,6,42,51,53,54,45,0,86,70,82,78,72,41,47,0,76]} 1. d4 Nf6 2. c4 g6 3. Nc3 Bg7 4. e4 d6 5. Be2 O-O 6. Be3 e5 {6...Na6 is the hot move.} 7. d5 Na6 8. Nf3 Nh5 {E92: King's Indian: Classical: 6 Be2 e5: 7 dxe5, 7 Be3 and Petrosian System without 7...Nbd7.} 9. O-O Nf4 $1 10. Ne1 {[#]} f5 $146 ({Predecessor:} 10... Nxe2+ 11. Qxe2 f5 12. f3 f4 13. Bd2 c6 14. Nd3 Rf7 15. Rab1 c5 16. a3 h5 {0-1 (44) Sanchez-Mrdja,M (2425) Creon 1997}) 11. exf5 Bxf5 12. Bg4 Qh4 13. Bxf5 Rxf5 {[#]} (13... gxf5 $142 14. Rc1 Rf6) 14. Nf3 (14. g3 $1 $16 {[%cal Rg3h4]} Nh3+ 15. Kg2 Qxc4 16. Qe2 Qxe2 17. Nxe2) 14... Qg4 $14 {[%csl Gf4][%cal Rg4g2]} 15. Bxf4 Qxf4 16. Nd2 Nc5 17. Qc2 Rh5 {[%csl Gh5][%cal Rf4h2] [#]} 18. h3 e4 19. Ncxe4 Nxe4 ({Much less strong is} 19... Be5 20. Ng3 $16 (20. g3 Qf5 $17)) 20. Nxe4 Be5 $1 {[%csl Ge5][%cal Rf4h2]} 21. Ng3 Rh4 22. Rac1 Rf8 $1 23. b3 Qg5 {[%cal Of8f2]} (23... Bd4 {is interesting.} 24. Rcd1 Qxg3 25. Rxd4 Rxf2 26. Qxf2 Qxf2+ 27. Kxf2 Rxd4 28. Ke2 Re4+) 24. Rce1 $1 Bxg3 25. fxg3 Rxf1+ 26. Rxf1 {KQR-KQR} (26. Kxf1 $14 {is more appropriate.} Qxg3 27. Re8+ Kg7 28. Qe2) 26... Qe3+ (26... Qxg3 $11 {remains equal.} 27. Qe2 Rf4) 27. Qf2 Re4 28. Qxe3 Rxe3 29. Rf3 Re1+ 30. Rf1 Re3 $1 {Weighted Error Value: White=0.16 (very precise) /Black=0.12 (very precise)} 1/2-1/2

[Event "81st Georgian-ch Men 2022"]
[Site "Tbilisi"]
[Date "2022.02.02"]
[Round "8.5"]
[White "Quparadze, Giga"]
[Black "Sanikidze, Tornike"]
[Result "1/2-1/2"]
[WhiteElo "2477"]
[BlackElo "2464"]
[Annotator "TA"]
[PlyCount "113"]
[EventDate "2022.01.24"]
[EventType "tourn"]
[EventCountry "GEO"]
[SourceTitle "playchess.com"]
[Source "ChessBase"]
[SourceQuality "1"]

{[%evp 27,113,18,23,25,25,0,10,5,26,0,21,7,16,0,0,0,0,0,0,0,20,11,14,0,0,0,0,0,0,0,0,0,0,0,0,0,5,0,8,4,9,5,5,4,9,18,8,8,3,0,0,0,3,0,0,0,0,-95,-104,-118,0,-15,-1,-3,0,0,0,-2,0,0,0,0,0,0,0,0,0,0,0,0,0,0,0,0,0,0,0,0]} 1. e4 e5 2. Nf3 Nc6 3. Bb5 a6 4. Ba4 Nf6 5. O-O Be7 6. Re1 b5 7. Bb3 d6 8. c3 O-O 9. h3 Re8 10. d4 Bf8 11. Nbd2 Bb7 12. a3 h6 13. Bc2 Nb8 14. b3 Nbd7 15. Bb2 {C93: Closed Ruy Lopez: Smyslov Variation.} c6 16. c4 Qc7 17. Rc1 {[#]} Rad8 $146 ({Predecessor:} 17... Qd8 18. cxb5 axb5 19. a4 exd4 20. Nxd4 bxa4 21. bxa4 d5 22. Nf5 g6 23. Ng3 Bd6 {½-½ (31) Ilyasov,A (2423)-Schulz,G (2438) ICCF email 2020}) 18. Bb1 Qb8 19. b4 exd4 $1 20. Nxd4 bxc4 21. Nxc4 {Hoping for Na5.} c5 22. Nf5 {[%cal Rc4d6]} d5 23. exd5 Rxe1+ 24. Qxe1 Bxd5 {[%cal Rc5b4]} 25. bxc5 Bxc5 26. Ba1 Re8 27. Nce3 {[%cal Oc1c5] [#] aiming for Rxc5!} Bxa3 28. Rd1 Bb2 29. Qa5 Be6 30. Bxb2 Qxb2 31. Qxa6 Qb6 32. Qa1 Rb8 33. Nd4 Nc5 34. Bc2 Rd8 35. Rb1 Qd6 36. Ndf5 Bxf5 37. Nxf5 Qf4 (37... Qd2 $2 38. Rd1 Qxc2 39. Rxd8+ Kh7 40. Ne3 $18) 38. Re1 Nd3 $1 {Pair of Knights!} 39. Ne7+ Kh8 40. Bxd3 Rxd3 41. Qa8+ Kh7 42. Qf8 (42. Qc8 $11) 42... Rd2 $17 43. Rf1 {[#]} Rd7 ({Black should try} 43... Qe4 $1 $17 {...Rd7 is the strong threat.} 44. g4 (44. Qxf7 $2 Rd7 $19) 44... Rd3) 44. Nc6 {The position is equal.} ({Wrong is} 44. Qxf7 $2 Qe4 45. Qg6+ Qxg6 $19) 44... Qc7 45. Qc5 Rd6 46. Rc1 g6 47. Qc2 Nd5 48. Ne5 Qxc2 49. Rxc2 $11 {[%mdl 4096] Endgame KRN-KRN} Rf6 50. Rd2 Nb6 51. Rd4 g5 52. Ng4 Re6 53. f4 gxf4 54. Rxf4 Kg6 55. Rd4 Nc8 56. Kf2 Nd6 57. Ne5+ {Weighted Error Value: White=0.08 (flawless) /Black=0.05 (flawless)} 1/2-1/2